Dental CT : (Record no. 22482)
[ view plain ]
| 000 -LEADER | |
|---|---|
| fixed length control field | 01716nam a22003015a 4500 |
| 005 - DATE AND TIME OF LATEST TRANSACTION | |
| control field | 20161010113631.0 |
| 008 - FIXED-LENGTH DATA ELEMENTS--GENERAL INFORMATION | |
| fixed length control field | 161010s2013 ii a frb 001 0 eng d |
| 020 ## - INTERNATIONAL STANDARD BOOK NUMBER | |
| International Standard Book Number | 9789350259108 |
| 040 ## - CATALOGING SOURCE | |
| Original cataloging agency | EG-ScBUE |
| Language of cataloging | eng |
| Transcribing agency | EG-ScBUE |
| 082 04 - DEWEY DECIMAL CLASSIFICATION NUMBER | |
| Classification number | 617.693 |
| Item number | DEN |
| Edition number | 22 |
| 245 00 - TITLE STATEMENT | |
| Title | Dental CT : |
| Remainder of title | third eye in dental implants / |
| Statement of responsibility, etc | editor-in-chief Prashant P. Jaju ; editors Sushma P. Jaju, Prashant V. Suvarna, Pratik Dedhia ; |
| 250 ## - EDITION STATEMENT | |
| Edition statement | 1st ed. |
| 260 ## - PUBLICATION, DISTRIBUTION, ETC. (IMPRINT) | |
| Place of publication, distribution, etc | New Delhi : |
| Name of publisher, distributor, etc | Jaypee Brothers Medical Publishers (P) Ltd. |
| Date of publication, distribution, etc | 2013. |
| 300 ## - PHYSICAL DESCRIPTION | |
| Extent | 70 p. : |
| Other physical details | ill. (col.) ; |
| Dimensions | 29 cm. |
| 500 ## - GENERAL NOTE | |
| General note | Index : p. 69-70. |
| 504 ## - BIBLIOGRAPHY, ETC. NOTE | |
| Bibliography, etc | Includes bibliographical references. |
| 520 ## - SUMMARY, ETC. | |
| Summary, etc | Dental implants are the future of dentistry. Oral radiology is the third dimension for a successful dental implant practice. Two-dimensional imaging shares its limitations in dental implantology which was easily overcome by the advent of dental CT. The 3-D imaging provides a clear relationship between structures that could be obscure on 2-D images. CBCT is useful for assessing impacted teeth, particularly the relationship between mandibular third molars and mandibular canals. It is also valuable in assessing implant positioning and preimplant bone augmentation to provide the best possible pros. |
| 650 #7 - SUBJECT ADDED ENTRY--TOPICAL TERM | |
| Topical term or geographic name as entry element | Dental implants. |
| Source of heading or term | BUEsh |
| 9 (RLIN) | 35980 |
| 650 #7 - SUBJECT ADDED ENTRY--TOPICAL TERM | |
| Topical term or geographic name as entry element | Teeth |
| General subdivision | Tomography. |
| Source of heading or term | BUEsh |
| 9 (RLIN) | 41379 |
| 651 ## - SUBJECT ADDED ENTRY--GEOGRAPHIC NAME | |
| Source of heading or term | BUEsh |
| 653 ## - INDEX TERM--UNCONTROLLED | |
| Resource For college | |
| Arrived date list | October2016 |
| 700 1# - ADDED ENTRY--PERSONAL NAME | |
| Personal name | Jaju, Prashant P. |
| Relator term | publishing director. |
| 9 (RLIN) | 41365 |
| 700 1# - ADDED ENTRY--PERSONAL NAME | |
| Personal name | Jaju, Sushma P., |
| Relator term | editor. |
| 9 (RLIN) | 41380 |
| 700 1# - ADDED ENTRY--PERSONAL NAME | |
| Personal name | Suvarna, Prashant V., |
| Relator term | editor. |
| 9 (RLIN) | 41381 |
| 700 1# - ADDED ENTRY--PERSONAL NAME | |
| Personal name | Dedhia, Pratik, |
| Relator term | editor. |
| 9 (RLIN) | 41382 |
| 700 1# - ADDED ENTRY--PERSONAL NAME | |
| Personal name | White, Stuart C., |
| Relator term | author of introduction, etc. |
| 9 (RLIN) | 41370 |
| 942 ## - ADDED ENTRY ELEMENTS (KOHA) | |
| Source of classification or shelving scheme | Dewey Decimal Classification |
| Withdrawn status | Item status | Source of classification or shelving scheme | Damaged status | Not for loan | Vendor | Home library | Current library | Shelving location | Date acquired | Source of acquisition | Cost, normal purchase price | Serial Enumeration / chronology | Total Checkouts | Total Renewals | Full call number | Barcode | Date last seen | Date last borrowed | Cost, replacement price | Koha item type |
|---|---|---|---|---|---|---|---|---|---|---|---|---|---|---|---|---|---|---|---|---|
| Dewey Decimal Classification | المستقبل الدولية | Central Library | Central Library | First floor | 10/10/2016 | Purchase | 850.00 | 0292 | 2 | 15 | 617.693 DEN | 000033910 | 15/07/2025 | 17/07/2023 | 1062.50 | Book - Borrowing |